[Event "Hull 4NCL op-A"]
[Site "Hull"]
[Date "2023.09.10"]
[Round "4"]
[White "Parry, Samuel A"]
[Black "Cooper, John G"]
[Result "0-1"]
[WhiteElo "1807"]
[BlackElo "2107"]
[PlyCount "98"]
[EventDate "2023.09.08"]
[EventType "swiss"]
[EventRounds "5"]
[EventCountry "ENG"]
[SourceTitle "EXT 2024"]
[Source "ChessBase"]
[SourceDate "2023.10.10"]
[SourceVersion "1"]
[SourceVersionDate "2023.10.10"]
[SourceQuality "1"]

1. d4 d5 2. Bf4 e6 3. e3 Nf6 4. c3 Be7 5. Nd2 b6 6. Bd3 Nbd7 7. h3 a5 8. Qe2 Bb7 9. Ngf3 Ne4 10. Ne5 0-0 11. 0-0-0 f6 12. Nxd7 Qxd7 13. f3 Nxd2 14. Qxd2 Ba6 15. e4 Bxd3 16. Qxd3 b5 17. Rhe1 c6 18. Qe3 Kf7 19. Qd3 g6 20. g4 Rad8 21. e5 f5 22. gxf5 gxf5 23. Rg1 Rg8 24. Qe3 b4 25. Rxg8 Rxg8 26. Rg1 bxc3 27. bxc3 Ba3+ 28. Kd2 Qb7 29. Rxg8 Qb2+ 30. Ke1 Qb1+ 31. Kf2 Qxa2+ 32. Kg3 Kxg8 33. Bg5 Qa1 34. Bh6 Kf7 35. h4 Bb2 36. Kf2 Bxc3 37. Qg5 Bxd4+ 38. Ke2 Qb2+ 39. Kd1 Qb1+ 40. Kd2 Bxe5 41. Qd8 Qb4+ 42. Ke2 Qe7 43. Qxa5 Qxh4 44. Qa7+ Kg6 45. Be3 Qc4+ 46. Kd2 d4 47. Bf2 d3 48. Qe7 Qc2+ 49. Ke3 Qe2# 0-1

[Event "Scarborough op"]
[Site "Scarborough"]
[Date "2022.10.29"]
[Round "3"]
[White "Longson, Sarah N"]
[Black "Cooper, John G"]
[Result "1-0"]
[WhiteElo "2008"]
[BlackElo "2155"]
[PlyCount "89"]
[EventDate "2022.10.28"]
[EventType "swiss"]
[EventRounds "5"]
[EventCountry "ENG"]
[SourceTitle "EXT 2024"]
[Source "ChessBase"]
[SourceDate "2023.10.10"]
[SourceVersion "1"]
[SourceVersionDate "2023.10.10"]
[SourceQuality "1"]

1. e4 c5 2. Nc3 Nc6 3. f4 e6 4. Nf3 d5 5. Bb5 d4 6. Bxc6+ bxc6 7. Nb1 d3 8. c4 Rb8 9. Ne5 Ne7 10. Qf3 Ba6 11. Na3 Qd4 12. Qxd3 f6 13. Qxd4 cxd4 14. Nd3 Ng6 15. b3 Bd6 16. 0-0 0-0 17. Nc2 e5 18. f5 Nf4 19. Nxf4 exf4 20. d3 c5 21. Bxf4 Bxf4 22. Rxf4 Bc8 23. Rb1 Bd7 24. Rff1 Rb7 25. Ne1 a5 26. Nf3 Rfb8 27. g4 a4 28. Nd2 axb3 29. axb3 Ra7 30. Rb2 Ra3 31. Rfb1 Kf7 32. Nf3 Bc6 33. Kf2 Rba8 34. Ke2 Ra2 35. b4 cxb4 36. Nxd4 Bd7 37. Ke3 R8a3 38. Rxa2 Rxa2 39. Rxb4 Rxh2 40. Nf3 Rh3 41. d4 h5 42. gxh5 Rxh5 43. Rb7 Ke8 44. d5 Kd8 45. c5 1-0

[Event "Scarborough op"]
[Site "Scarborough"]
[Date "2022.10.28"]
[Round "1"]
[White "Verma, Shlok"]
[Black "Cooper, John G"]
[Result "1/2-1/2"]
[WhiteElo "2028"]
[BlackElo "2155"]
[PlyCount "62"]
[EventDate "2022.10.28"]
[EventType "swiss"]
[EventRounds "5"]
[EventCountry "ENG"]
[SourceTitle "EXT 2024"]
[Source "ChessBase"]
[SourceDate "2023.10.10"]
[SourceVersion "1"]
[SourceVersionDate "2023.10.10"]
[SourceQuality "1"]

1. d4 d5 2. c4 e6 3. Nf3 c5 4. cxd5 exd5 5. e3 Nc6 6. dxc5 Bxc5 7. a3 Nf6 8. b4 Bd6 9. Bb2 0-0 10. Be2 Re8 11. Nbd2 Bg4 12. 0-0 Rc8 13. Rc1 Bb8 14. Qb3 Ne4 15. Rfd1 Qe7 16. Nf1 Rcd8 17. Qc2 Bf5 18. Qb3 Bg4 19. Qc2 Rd6 20. Nd4 Nxd4 21. Bxd4 Bf5 22. Bd3 Rc6 23. Qe2 Rh6 24. f3 Qh4 25. Bxe4 Bxh2+ 26. Nxh2 Qxh2+ 27. Kf2 Qh4+ 28. Kg1 dxe4 29. Qb5 Qh2+ 30. Kf2 Qh4+ 31. Kg1 Qh1+ 1/2-1/2

[Event "Hull 4NCL op"]
[Site "Hull"]
[Date "2021.10.23"]
[Round "3"]
[White "Cooper, John G"]
[Black "Hebden, Mark"]
[Result "1-0"]
[WhiteElo "2313"]
[BlackElo "2530"]
[PlyCount "143"]
[EventDate "2021.10.22"]
[EventType "swiss"]
[EventRounds "5"]
[EventCountry "ENG"]
[SourceTitle "CBM 204 Extra"]
[Source "ChessBase"]
[SourceDate "2021.11.30"]
[SourceVersion "1"]
[SourceVersionDate "2021.11.30"]
[SourceQuality "1"]

1. c4 g6 2. Nc3 Bg7 3. g3 Nf6 4. Bg2 0-0 5. e4 c5 6. Nge2 Nc6 7. 0-0 a6 8. f4 d6 9. h3 Rb8 10. g4 Ne8 11. d3 b5 12. Rb1 b4 13. Nd5 e6 14. Ne3 Nd4 15. Nxd4 Bxd4 16. Qe1 f5 17. gxf5 exf5 18. Kh1 b3 19. a3 Nf6 20. exf5 gxf5 21. Bd2 Kh8 22. Qh4 Ne4 23. Qxd8 Ng3+ 24. Kg1 Rxd8 25. Rf3 Nh5 26. Bc3 Re8 27. Bxd4+ cxd4 28. Nd5 Bb7 29. Rf2 Bxd5 30. Bxd5 Re3 31. Kh2 Nf6 32. Bc6 Rxd3 33. Re1 Re3 34. Rxe3 dxe3 35. Re2 Rc8 36. Ba4 Rxc4 37. Bxb3 Re4 38. Kg3 d5 39. Kf3 d4 40. Bc2 a5 41. Bd3 Re8 42. Bxf5 a4 43. Rc2 Nh5 44. Bd3 Rf8 45. f5 Kg7 46. Rc4 Rd8 47. Rxa4 Kf6 48. h4 Rd6 49. b4 Ng7 50. Ra5 Rc6 51. Rd5 Rc3 52. Rxd4 Rxa3 53. Rd5 Rb3 54. Rd6+ Ke5 55. f6 e2 56. Kxe2 Rb2+ 57. Kf3 Ne6 58. Rb6 Rb3 59. Ke3 Kxf6 60. Kd2 Rb2+ 61. Kc3 Rh2 62. Bc4 Rh3+ 63. Kc2 Rxh4 64. Rxe6+ Kf5 65. Rc6 h5 66. b5 Rd4 67. b6 Rd8 68. Be6+ Ke5 69. Bc8 Rd5 70. b7 Rb5 71. Rh6 Kf4 72. Rxh5 1-0

[Event "Hull 4NCL op"]
[Site "Hull"]
[Date "2019.11.03"]
[Round "4"]
[White "Han, Yichen"]
[Black "Cooper, John G"]
[Result "1-0"]
[WhiteElo "2201"]
[BlackElo "2083"]
[PlyCount "85"]
[EventDate "2019.11.01"]
[EventType "swiss"]
[EventRounds "5"]
[EventCountry "ENG"]
[SourceTitle "CBM 192 Extra"]
[Source "Chessbase"]
[SourceDate "2019.11.06"]
[SourceVersion "1"]
[SourceVersionDate "2019.11.06"]
[SourceQuality "1"]

1. d4 d5 2. Nf3 e6 3. Bf4 Nf6 4. e3 c5 5. c3 Nc6 6. Nbd2 Be7 7. Bd3 Nh5 8. Be5 f6 9. Bg3 g6 10. Qe2 0-0 11. Rd1 Nxg3 12. hxg3 e5 13. dxe5 fxe5 14. e4 d4 15. Bc4+ Kg7 16. Bd5 Bg4 17. Nc4 Bf6 18. Ng5 h5 19. Qxg4 Bxg5 20. Qe6 Rf6 21. Qh3 Qe7 22. Nd2 Bxd2+ 23. Rxd2 Rh8 24. Qh4 Qc7 25. Qg5 Ne7 26. g4 Nxd5 27. exd5 Qd6 28. Rxh5 Qxd5 29. f3 Re6 30. Rxh8 Kxh8 31. g3 Kg8 32. Rh2 Qd7 33. Qh4 Re7 34. Qh8+ Kf7 35. Rh7+ Ke6 36. Qg8+ Kf6 37. Qf8+ Ke6 38. Rh6 Rg7 39. Qf5+ Kd5 40. Qe4+ Kc4 41. Qc2 Rh7 42. Qb3+ Kd3 43. c4# 1-0

[Event "BCF-chT3N 1819 (4NCL)"]
[Site "England"]
[Date "2019.02.09"]
[Round "5.75"]
[White "Cooper, John G"]
[Black "Pardoe, David"]
[Result "1/2-1/2"]
[WhiteElo "1932"]
[BlackElo "1742"]
[PlyCount "41"]
[EventDate "2018.11.10"]
[EventType "team-swiss"]
[EventRounds "11"]
[EventCountry "ENG"]
[SourceTitle "EXT 2021"]
[Source "ChessBase"]
[SourceDate "2020.10.23"]
[SourceVersion "1"]
[SourceVersionDate "2020.10.23"]
[SourceQuality "1"]
[WhiteTeam "Spirit of Atticus II"]
[BlackTeam "Manchester Manticores IV"]
[WhiteTeamCountry "ENG"]
[BlackTeamCountry "ENG"]

1. e4 d5 2. exd5 Qxd5 3. Nc3 Qa5 4. d4 c6 5. Bc4 Nf6 6. Bd2 Qc7 7. Nge2 Bf5 8. Bf4 Qa5 9. Ng3 Bg6 10. 0-0 e6 11. a3 a6 12. Re1 Be7 13. Qe2 Nd5 14. Be5 0-0 15. Nce4 Nd7 16. b4 Qd8 17. Bb3 b5 18. Rad1 N7f6 19. Qf3 a5 20. Nc5 axb4 21. axb4 1/2-1/2

[Event "BCF-chT3N 1819 (4NCL)"]
[Site "England"]
[Date "2019.01.13"]
[Round "4.14"]
[White "Li, Harry"]
[Black "Cooper, John G"]
[Result "1/2-1/2"]
[WhiteElo "2058"]
[BlackElo "1932"]
[PlyCount "79"]
[EventDate "2018.11.10"]
[EventType "team-swiss"]
[EventRounds "11"]
[EventCountry "ENG"]
[SourceTitle "EXT 2021"]
[Source "ChessBase"]
[SourceDate "2020.10.23"]
[SourceVersion "1"]
[SourceVersionDate "2020.10.23"]
[SourceQuality "1"]
[WhiteTeam "White Rose II"]
[BlackTeam "Spirit of Atticus II"]
[WhiteTeamCountry "ENG"]
[BlackTeamCountry "ENG"]

1. d4 Nf6 2. c4 e6 3. Nf3 Bb4+ 4. Bd2 c5 5. Bxb4 cxb4 6. g3 0-0 7. Bg2 d5 8. Nbd2 Nc6 9. 0-0 b6 10. Rc1 Bb7 11. cxd5 exd5 12. e3 Qd6 13. Nh4 g6 14. Qf3 Rfe8 15. Rfd1 a5 16. Qf4 Qxf4 17. gxf4 Rad8 18. Nhf3 Re7 19. Ne5 Nxe5 20. fxe5 Ne8 21. Rc2 Rc7 22. Rxc7 Nxc7 23. Rc1 Ne6 24. h4 Kf8 25. Nf3 h6 26. Nh2 h5 27. Nf3 Rc8 28. Rxc8+ Bxc8 29. Kh2 Ke7 30. Bh3 Bd7 31. Kg3 Bb5 32. Bxe6 fxe6 33. Kf4 Bd3 34. Nd2 a4 35. f3 b5 36. e4 Kf7 37. Ke3 Bc2 38. Kf4 Bd3 39. Kg5 Bc2 40. Kf4 1/2-1/2

[Event "BCF-chT3N 1819 (4NCL)"]
[Site "England"]
[Date "2018.11.10"]
[Round "1.55"]
[White "Cooper, John G"]
[Black "Higgie, Charles L"]
[Result "1/2-1/2"]
[WhiteElo "1932"]
[BlackElo "2005"]
[PlyCount "53"]
[EventDate "2018.11.10"]
[EventType "team-swiss"]
[EventRounds "11"]
[EventCountry "ENG"]
[SourceTitle "EXT 2021"]
[Source "ChessBase"]
[SourceDate "2020.10.23"]
[SourceVersion "1"]
[SourceVersionDate "2020.10.23"]
[SourceQuality "1"]
[WhiteTeam "Spirit of Atticus II"]
[BlackTeam "Shropshire"]
[WhiteTeamCountry "ENG"]
[BlackTeamCountry "ENG"]

1. e4 c5 2. Nc3 Nc6 3. Bb5 Nd4 4. Bc4 g6 5. Nge2 Bg7 6. Nxd4 cxd4 7. Qf3 e6 8. Ne2 Ne7 9. c3 Nc6 10. Nxd4 Nxd4 11. cxd4 Bxd4 12. 0-0 0-0 13. d3 f5 14. Qe2 Qf6 15. Rb1 f4 16. Qf3 Rb8 17. a4 a6 18. a5 b6 19. axb6 Rxb6 20. b3 d5 21. exd5 Bb7 22. b4 Qf5 23. Bb2 Bxb2 24. Rxb2 exd5 25. Ba2 Re8 26. h3 Kh8 27. Re2 1/2-1/2

[Event "BCF-chT3N 1617 (4NCL)"]
[Site "England"]
[Date "2017.01.14"]
[Round "3.64"]
[White "Cooper, John G"]
[Black "Clarke, Paul Rh"]
[Result "0-1"]
[WhiteElo "1959"]
[BlackElo "1745"]
[PlyCount "76"]
[EventDate "2016.11.26"]
[EventType "team-swiss"]
[EventRounds "11"]
[EventCountry "ENG"]
[SourceTitle "EXT 2019"]
[Source "ChessBase"]
[SourceDate "2018.10.10"]
[SourceVersion "1"]
[SourceVersionDate "2018.10.10"]
[SourceQuality "1"]
[WhiteTeam "Spirit of Atticus II"]
[BlackTeam "Bradford DCA Knights III"]
[WhiteTeamCountry "ENG"]
[BlackTeamCountry "ENG"]

1. e4 d5 2. exd5 Qxd5 3. Nc3 Qd8 4. d4 Nf6 5. Bc4 a6 6. a4 Nc6 7. Nge2 Bf5 8. Be3 Nb4 9. Bb3 e6 10. Ng3 Bg6 11. Nce2 Be7 12. Nf4 Nbd5 13. 0-0 0-0 14. Nxg6 hxg6 15. c4 Nxe3 16. fxe3 c5 17. d5 Qb6 18. a5 Qd6 19. e4 Rad8 20. Qe2 Nd7 21. Rad1 Bh4 22. dxe6 Qxe6 23. Nh1 Nf6 24. g3 Bg5 25. Nf2 Rfe8 26. Ba4 Rf8 27. Rfe1 Qe5 28. Qc2 Rxd1 29. Rxd1 Be3 30. Re1 Ng4 31. Rxe3 Nxe3 32. Qd3 Qd4 33. Qxd4 cxd4 34. b3 Rd8 35. Nd3 f6 36. h3 Nd1 37. Kf1 Nc3 38. Nc5 d3 0-1

[Event "BCF-chT3Nd 1516 (4NCL)"]
[Site "England"]
[Date "2016.05.01"]
[Round "10.95"]
[White "Kolbus, Dietmar"]
[Black "Cooper, John G"]
[Result "1-0"]
[WhiteElo "2305"]
[BlackElo "1953"]
[PlyCount "83"]
[EventDate "2016.03.20"]
[EventType "team-swiss"]
[EventRounds "11"]
[EventCountry "ENG"]
[SourceTitle "EXT 2017"]
[Source "ChessBase"]
[SourceDate "2016.10.25"]
[SourceVersion "1"]
[SourceVersionDate "2016.10.25"]
[SourceQuality "1"]
[WhiteTeam "Manx Ravens"]
[BlackTeam "Spirit of Atticus III"]
[WhiteTeamCountry "ENG"]
[BlackTeamCountry "ENG"]

1. c4 e5 2. g3 Nf6 3. Bg2 d5 4. cxd5 Nxd5 5. Nf3 Nc6 6. 0-0 Be7 7. d4 exd4 8. Nxd4 Nxd4 9. Qxd4 Nf6 10. Qxd8+ Bxd8 11. Nc3 c6 12. Bf4 Be6 13. Rfd1 Be7 14. e4 Rd8 15. Be3 b6 16. e5 Nd5 17. Nxd5 Bxd5 18. Bxd5 Rxd5 19. Rxd5 cxd5 20. Rd1 Kd7 21. Rxd5+ Ke6 22. Rb5 Rc8 23. Kg2 Rc2 24. Kf3 Bd8 25. Ke4 Re2 26. a4 Bc7 27. h4 Re1 28. f4 g6 29. Rb4 f5+ 30. Kd3 Rd1+ 31. Ke2 Rd5 32. Rc4 Bd8 33. b4 Rd7 34. Rc6+ Ke7 35. h5 Rc7 36. Rd6 Rc2+ 37. Bd2 Ra2 38. hxg6 hxg6 39. Rxg6 Rxa4 40. Rf6 Ra3 41. Be1 Rb3 42. Rxf5 1-0

[Event "BCF-chT3Na 1516 (4NCL)"]
[Site "England"]
[Date "2016.01.16"]
[Round "3.75"]
[White "Cooper, John G"]
[Black "Turner, John M"]
[Result "1/2-1/2"]
[WhiteElo "1955"]
[BlackElo "2027"]
[PlyCount "60"]
[EventDate "2015.11.14"]
[EventType "team-swiss"]
[EventRounds "7"]
[EventCountry "ENG"]
[SourceTitle "CBM 170 Extra"]
[Source "ChessBase"]
[SourceDate "2016.02.25"]
[SourceVersion "1"]
[SourceVersionDate "2016.02.25"]
[SourceQuality "1"]
[WhiteTeam "Spirit of Atticus III"]
[BlackTeam "Holmes Chapel"]
[WhiteTeamCountry "ENG"]
[BlackTeamCountry "ENG"]

1. d4 d5 2. Nf3 Nf6 3. c3 e6 4. Bf4 Bd6 5. e3 Bxf4 6. exf4 0-0 7. Bd3 c5 8. dxc5 Qc7 9. g3 Qxc5 10. Nbd2 Nc6 11. Ne5 d4 12. Nxc6 Qxc6 13. Qf3 dxc3 14. bxc3 Qxf3 15. Nxf3 b6 16. 0-0 Bb7 17. Ne5 Rfd8 18. Rfd1 Rac8 19. c4 Ne4 20. Rac1 f6 21. Ng4 Nc5 22. Be2 Kf7 23. Ne3 g6 24. f3 Ke7 25. Kf2 Rxd1 26. Rxd1 Rd8 27. Rxd8 Kxd8 28. Ng4 Ke7 29. Ke3 h5 30. Nf2 Kd6 1/2-1/2